| 000 | 00468nam a22001697a 4500 | ||
|---|---|---|---|
| 003 | OSt | ||
| 008 | 250418b |||||||| |||| 00| 0 eng d | ||
| 020 | _a9789365890389 | ||
| 082 | _a005.133 JAP | ||
| 100 | _aJAIN,Hemant | ||
| 245 | _aProblems Solving in Data Structures and Algorithms Using C++ | ||
| 250 | _a1st Ed | ||
| 260 |
_aNew Delhi _bBPB _c2025 |
||
| 300 | _a500 | ||
| 650 | _aProblems Solving in Data Structures and Algorithms Using C++ | ||
| 942 |
_2ddc _cBK |
||
| 999 |
_c13319 _d13319 |
||